Onomàstica del Bruc /
MARC
| LEADER | 00000pam a2200000 i 4500 | ||
|---|---|---|---|
| 001 | 29008 | ||
| 003 | AGDB | ||
| 005 | 20260324181539.0 | ||
| 008 | 241202s2024 spc|||| |||| 0|0 0 cat| | ||
| 015 | |a LL2025 |2 bnc | ||
| 017 | |a B 19938-2024 |b Biblioteca de Catalunya | ||
| 020 | |a 9788499657684 | ||
| 040 | |a ES-BaBC |b cat |e rda |c ES-BaBC | ||
| 043 | |a e-sp--- |b e-spcan |2 catmarc | ||
| 080 | |a 81'373.21 |x (460.23 An Bruc) |2 2004 | ||
| 080 | |a 811.134.1'373.23 |x (460.23 An Bruc) |2 2004 | ||
| 100 | 1 | |a Rehues, Assumpció, |e autor | |
| 245 | 1 | 0 | |a Onomàstica del Bruc / |c Assumpció Rehues Estivill |
| 250 | |a Primera edició | ||
| 264 | 1 | |a Barcelona : |b Institut d'Estudis Catalans. Secció Filològica : |b Societat d'Onomàstica, |c 2024 | |
| 300 | |a 421 pàgines : |b il·lustracions en color ; |c 25 cm | ||
| 336 | |a text |b txt |2 rdacontent | ||
| 337 | |a sense mediació |b n |2 rdamedia | ||
| 338 | |a volum |b nc |2 rdacarrier | ||
| 490 | 1 | |a Treballs de l'Oficina d'Onomàstica ; |v 33 | |
| 504 | |a Bibliografia: pàgines 359-363 | ||
| 586 | |a III Premi d'Investigació Ramon Amigó i Anglès 2020-2022 | ||
| 650 | 7 | |a Topònims |z Catalunya |z Bruc. |2 lemac | |
| 650 | 7 | |a Noms de persona catalans |z Catalunya |z Bruc. |2 lemac | |
| 710 | 2 | |a Institut d'Estudis Catalans. |b Secció Filològica | |
| 710 | 2 | |a Societat d'Onomàstica | |
| 830 | 0 | |a Treballs de l'Oficina d'Onomàstica ; |v 33 | |
| 908 | |a BC |a BMON |a IEC | ||
| 940 | |a BC | ||
| 942 | |2 udc |c ARXIU |n 1 | ||
| 952 | |0 0 |1 0 |2 udc |4 0 |6 BIB1369 |7 1 |9 98618 |a Arxiu |b Arxiu |d 2025-11-07 |l 0 |o Bib-1369 |p 29008 |r 2025-11-07 13:47:45 |w 2025-11-07 |y ARXIU | ||
| 999 | |c 130360 |d 130360 | ||